000 00661nam a2200241 i 4500
001 C2-0085997
003 PPAK
005 20180727090758.0
008 970430s1993 xxka|||| ||||| | eng d
020 _a0750012749
040 _aPPAK
_beng
_cPPAK
_erda
082 0 4 _a823
_223
090 0 0 _a823
_bROD
_dK
100 1 _aRodgers, Frank,
_eauthor
245 1 0 _aMillie's letter
264 1 _aHemel Hempstead :
_bSimon & Schuster ,
_c1993
300 _a[30 pages] :
_bcolour illustrations ;
_c19 cm
336 _2rdacontent
_atext
337 _2rdamedia
_aunmediated
338 _2rdacarrier
_avolume
650 1 0 _aChildren's stories, English
942 _ddc
_cB
999 _c17425
_d17425